Geo #5: South America - Statistics

General Stats
  • This quiz has been taken 1,404 times
  • The average score is 10 of 12
Answers on the Map
Answers color-coded by a green-red scale on the quiz's map according to % correct below.
 
Answer Stats
Answer % Correct
Brazil
99%
Chile
96%
Argentina
88%
Paraguay
83%
Colombia
81%
Ecuador
80%
Uruguay
79%
Venezuela
79%
Peru
78%
Bolivia
76%
Guyana
76%
Suriname
71%
No matching quizzes found
Score Distribution
Percent of People with Each Score
Percentile by Number Answered
Your Score History
You have not taken this quiz